[Event "CAN-ch"]
[Site "Toronto"]
[Date "2025.04.18"]
[Round "1"]
[White "Gao, Heye"]
[Black "Ivanov, Mike"]
[Result "0-1"]
[WhiteElo "2002"]
[BlackElo "2402"]
[PlyCount "68"]
[EventDate "2025.04.18"]
[EventType "swiss"]
[EventRounds "9"]
[EventCountry "CAN"]
[SourceTitle "CB17_2025"]
[SourceDate "2025.04.23"]
[SourceVersion "1"]
[SourceVersionDate "2025.04.23"]
[SourceQuality "1"]

1. e4 e6 2. d4 d5 3. Nc3 Bb4 4. e5 c5 5. a3 Bxc3+ 6. bxc3 Nc6 7. Qg4 g6 8. a4 Qa5 9. Bd2 Bd7 10. h4 h6 11. Qf4 c4 12. Nf3 Rh7 13. g3 0-0-0 14. Bg2 Rf8 15. 0-0 Qd8 16. Bc1 f5 17. exf6 Rxf6 18. Qe3 Nge7 19. Ne5 g5 20. hxg5 hxg5 21. Qxg5 Qh8 22. Ba3 Rf5 23. Qe3 Nxe5 24. dxe5 Nc6 25. Bd6 Rfh5 26. Rfe1 Be8 27. f4 Bg6 28. Rac1 Rh1+ 29. Kf2 R1h2 30. Qf3 Qg7 31. Qd1 Bf5 32. Rg1 Be4 33. Qd2 Qg4 34. Rce1 Qf3# 0-1

[Event "CAN-ch"]
[Site "Toronto"]
[Date "2025.04.18"]
[Round "2"]
[White "Ivanov, Mike"]
[Black "Marchand, Calix"]
[Result "1-0"]
[WhiteElo "2402"]
[BlackElo "2104"]
[PlyCount "71"]
[EventDate "2025.04.18"]
[EventType "swiss"]
[EventRounds "9"]
[EventCountry "CAN"]
[SourceTitle "CB17_2025"]
[SourceDate "2025.04.23"]
[SourceVersion "1"]
[SourceVersionDate "2025.04.23"]
[SourceQuality "1"]

1. e4 c5 2. Nf3 e6 3. c3 d5 4. e5 d4 5. d3 Nc6 6. g3 Qd5 7. c4 Qd7 8. Bg2 Nge7 9. 0-0 Ng6 10. Qe2 f6 11. exf6 gxf6 12. h4 h5 13. Na3 Be7 14. Bh3 b6 15. Re1 Kf7 16. Nc2 a5 17. Na3 Nce5 18. Nxe5+ Nxe5 19. Bf4 Ng6 20. Bd2 Ne5 21. Bf4 Ng6 22. Qf3 f5 23. Bg2 Ra7 24. Be5 Nxe5 25. Rxe5 Bd6 26. Qf4 Qc7 27. Rae1 Bd7 28. Rxf5+ exf5 29. Bd5+ Kf8 30. Qg5 Be5 31. Nb5 Bxb5 32. Qxf5+ Kg7 33. Qg5+ Kf8 34. Rxe5 Qd6 35. Qf4+ Kg7 36. Rg5+ 1-0

[Event "San Cristobal de La Laguna op-A 6th"]
[Site "San Cristobal de La Laguna"]
[Date "2024.08.26"]
[Round "4"]
[White "Grieve, Harry"]
[Black "Ivanov, Mike"]
[Result "0-1"]
[WhiteElo "2479"]
[BlackElo "2364"]
[PlyCount "86"]
[EventDate "2024.08.24"]
[EventType "swiss"]
[EventRounds "9"]
[EventCountry "ESP"]
[SourceTitle "CBM 221 Extra"]
[Source "ChessBase"]
[SourceDate "2024.09.30"]
[SourceVersion "1"]
[SourceVersionDate "2024.09.30"]
[SourceQuality "1"]

1. e4 e6 2. d4 d5 3. Nc3 Bb4 4. e5 c5 5. a3 Bxc3+ 6. bxc3 Nc6 7. Qg4 g6 8. h4 Bd7 9. h5 Qa5 10. Bd2 0-0-0 11. hxg6 fxg6 12. a4 Rf8 13. f4 Nge7 14. dxc5 g5 15. Qxg5 Rhg8 16. Qh5 Rxf4 17. Bxf4 Qxc3+ 18. Kf2 Qxa1 19. Bd3 Qxa4 20. Ne2 Qb4 21. Bxh7 Qxc5+ 22. Kf3 Rf8 23. Qg5 Nf5 24. Bxf5 Rxf5 25. Qg7 Qxc2 26. Rh8+ Kc7 27. g3 Qe4+ 28. Kf2 Nxe5 29. Rf8 Rh5 30. Rh8 Rf5 31. Rf8 Rxf8 32. Qxf8 Kc6 33. Bxe5 Qxe5 34. Qb4 Qd6 35. Nd4+ Kc7 36. Qc3+ Kb8 37. g4 Qh2+ 38. Kf1 Qf4+ 39. Nf3 d4 40. Qa3 Bc6 41. Kf2 Qxf3+ 42. Qxf3 Bxf3 43. Kxf3 Kc7 0-1

[Event "San Cristobal de La Laguna op-A 6th"]
[Site "San Cristobal de La Laguna"]
[Date "2024.08.25"]
[Round "3"]
[White "Ivanov, Mike"]
[Black "Ambartsumova, Karina"]
[Result "1/2-1/2"]
[WhiteElo "2364"]
[BlackElo "2404"]
[PlyCount "98"]
[EventDate "2024.08.24"]
[EventType "swiss"]
[EventRounds "9"]
[EventCountry "ESP"]
[SourceTitle "CBM 221 Extra"]
[Source "ChessBase"]
[SourceDate "2024.09.30"]
[SourceVersion "1"]
[SourceVersionDate "2024.09.30"]
[SourceQuality "1"]

1. Nf3 Nf6 2. c4 e6 3. g3 d5 4. Bg2 dxc4 5. Na3 c5 6. Nxc4 Nc6 7. b3 Be7 8. Bb2 0-0 9. 0-0 Bd7 10. d4 b5 11. Nce5 Rc8 12. Nxd7 Qxd7 13. Rc1 Rfd8 14. dxc5 Qxd1 15. Rfxd1 Rxd1+ 16. Rxd1 Bxc5 17. Rc1 Nd7 18. Nd4 Nxd4 19. Bxd4 b4 20. Bb7 Rb8 21. Bxc5 Rxb7 22. Bd6 h5 23. Rc4 Nb6 24. Rxb4 Rd7 25. Bc5 Nd5 26. Rd4 Rc7 27. Rc4 f5 28. Bd4 Rd7 29. e3 Ne7 30. h4 Kf7 31. Kf1 g6 32. Ra4 Nc6 33. Ke2 e5 34. Bc3 Ke6 35. Rc4 Kd5 36. f3 Rb7 37. e4+ Kd6 38. Ke3 a5 39. f4 exf4+ 40. Kxf4 fxe4 41. Rxe4 Rf7+ 42. Ke3 Rf5 43. Rf4 Rc5 44. Bb2 Kd5 45. Ba3 Rc3+ 46. Kf2 Rc2+ 47. Ke3 Rxa2 48. Ra4 Ra1 49. Kf4 Rb1 1/2-1/2

[Event "Olomouc IM-A 25th"]
[Site "Olomouc"]
[Date "2024.08.16"]
[Round "8"]
[White "Ivanov, Mike"]
[Black "Ernst, Robert"]
[Result "1-0"]
[WhiteElo "2364"]
[BlackElo "2241"]
[PlyCount "101"]
[EventDate "2024.08.10"]
[EventType "tourn"]
[EventRounds "9"]
[EventCountry "CZE"]
[SourceTitle "CBM 221 Extra"]
[Source "ChessBase"]
[SourceDate "2024.09.30"]
[SourceVersion "1"]
[SourceVersionDate "2024.09.30"]
[SourceQuality "1"]

1. Nf3 d5 2. g3 Bg4 3. Bg2 e6 4. h3 Bh5 5. 0-0 Nf6 6. c4 c6 7. d4 Nbd7 8. cxd5 exd5 9. Ne5 Ne4 10. Nd2 Nxd2 11. Bxd2 f6 12. Nd3 Bd6 13. b4 0-0 14. Bf4 Nb6 15. Bxd6 Qxd6 16. Nf4 Bf7 17. Qb3 Nc4 18. Rfd1 Rfe8 19. e3 a5 20. a3 Ra7 21. bxa5 Rxa5 22. a4 Rea8 23. Ra2 Qb8 24. Rda1 Qa7 25. Ne2 Ra6 26. Nc3 Rb6 27. Qc2 Qa5 28. e4 dxe4 29. Nxe4 Rb4 30. Nc5 Rd8 31. Rd1 Nd6 32. Ra3 Nb5 33. Rad3 Nxd4 34. Nxb7 Qe5 35. f4 Qe7 36. Qc5 Rxb7 37. Qxe7 Rxe7 38. Rxd4 Rxd4 39. Rxd4 Bd5 40. Bxd5+ cxd5 41. a5 Re1+ 42. Kf2 Ra1 43. Rxd5 Ra3 44. h4 Kf7 45. h5 Ke6 46. Rb5 f5 47. Rb7 Kf6 48. Rb6+ Ke7 49. a6 Kf7 50. Rb7+ Kf6 51. a7 1-0

[Event "Olomouc IM-A 25th"]
[Site "Olomouc"]
[Date "2024.08.11"]
[Round "3"]
[White "Ivanov, Mike"]
[Black "Bokhnak, Timofey"]
[Result "1/2-1/2"]
[WhiteElo "2364"]
[BlackElo "2273"]
[PlyCount "38"]
[EventDate "2024.08.10"]
[EventType "tourn"]
[EventRounds "9"]
[EventCountry "CZE"]
[SourceTitle "CBM 221 Extra"]
[Source "ChessBase"]
[SourceDate "2024.09.30"]
[SourceVersion "1"]
[SourceVersionDate "2024.09.30"]
[SourceQuality "1"]

1. e4 e6 2. d4 d5 3. e5 c5 4. c3 Nc6 5. Nf3 Nge7 6. h4 Bd7 7. h5 cxd4 8. cxd4 h6 9. Nc3 a6 10. Bd3 b5 11. g4 Nc8 12. Be3 Nb6 13. Nd2 Nc4 14. Nxc4 bxc4 15. Be2 Be7 16. 0-0 f6 17. f4 0-0 18. Qd2 fxe5 19. fxe5 Rxf1+ 1/2-1/2

[Event "Skalica op"]
[Site "Skalica"]
[Date "2024.08.06"]
[Round "5"]
[White "Verbovsky, Michal"]
[Black "Ivanov, Mike"]
[Result "0-1"]
[WhiteElo "2194"]
[BlackElo "2364"]
[PlyCount "132"]
[EventDate "2024.08.03"]
[EventType "swiss"]
[EventRounds "9"]
[EventCountry "SVK"]
[SourceTitle "CBM 221 Extra"]
[Source "ChessBase"]
[SourceDate "2024.09.30"]
[SourceVersion "1"]
[SourceVersionDate "2024.09.30"]
[SourceQuality "1"]

1. e4 Nf6 2. e5 Nd5 3. Nc3 Nxc3 4. dxc3 d6 5. Bc4 Nc6 6. Nf3 dxe5 7. Qxd8+ Nxd8 8. Nxe5 Bf5 9. Bd3 Bxd3 10. cxd3 g6 11. Kd1 Bg7 12. Re1 0-0 13. Kc2 Ne6 14. a4 Rfd8 15. Nc4 Rd5 16. Be3 a6 17. b4 Rad8 18. d4 b6 19. Rad1 h5 20. Bc1 Bf6 21. Ne3 R5d7 22. Nc4 Rd5 23. Ne3 R5d7 24. Nc4 b5 25. Ne5 Rd5 26. axb5 axb5 27. Nc6 Ra8 28. Na5 g5 29. Be3 Kh7 30. Ra1 c6 31. Nb3 Rdd8 32. Rxa8 Rxa8 33. Na5 Rc8 34. Ra1 Nc7 35. Nxc6 Nd5 36. Ra6 e6 37. Kb3 Kg6 38. c4 bxc4+ 39. Kxc4 Bd8 40. Kb3 Kf5 41. b5 g4 42. Ra7 Bc7 43. Bd2 Ke4 44. Bc3 f5 45. Ba5 Bxh2 46. Rh7 Bg1 47. Be1 Kd3 48. Rxh5 Ke2 49. Rh6 Kxe1 50. Rxe6+ Kxf2 51. Re5 Nb6 52. Rxf5+ Kxg2 53. Kb4 Rg8 54. Kc5 Nd7+ 55. Kd6 Nb8 56. Nxb8 Bh2+ 57. Ke7 Rxb8 58. Kd7 Rb6 59. Rc5 Bf4 60. d5 g3 61. Rc4 Kf3 62. Rc3+ Kg4 63. Rb3 g2 64. Rb1 Kh3 65. d6 Rxd6+ 66. Kc8 Rb6 0-1

[Event "Skalica op"]
[Site "Skalica"]
[Date "2024.08.05"]
[Round "3"]
[White "Ivanov, Mike"]
[Black "Ouellet, Maili Jade"]
[Result "1/2-1/2"]
[WhiteElo "2364"]
[BlackElo "2318"]
[PlyCount "71"]
[EventDate "2024.08.03"]
[EventType "swiss"]
[EventRounds "9"]
[EventCountry "SVK"]
[SourceTitle "CBM 221 Extra"]
[Source "ChessBase"]
[SourceDate "2024.09.30"]
[SourceVersion "1"]
[SourceVersionDate "2024.09.30"]
[SourceQuality "1"]

1. e4 c5 2. Nf3 Nc6 3. Bb5 e6 4. 0-0 Nge7 5. c3 a6 6. Ba4 b5 7. Bc2 Bb7 8. Re1 Rc8 9. a4 Ng6 10. Na3 Qb6 11. Qe2 c4 12. axb5 axb5 13. d4 Na5 14. h4 b4 15. Nb1 b3 16. Bd1 Bd6 17. e5 Bb8 18. h5 Ne7 19. Nbd2 f5 20. exf6 gxf6 21. Ne4 Nd5 22. Nh4 Rf8 23. h6 Kd8 24. Qg4 Nc6 25. Qg7 Kc7 26. Nc5 Nce7 27. Qxh7 Rh8 28. Qf7 Rcf8 29. Qh5 Kc8 30. Bf3 Bc6 31. h7 f5 32. Bg5 Nf6 33. Bxf6 Rxf6 34. Na6 Bf4 35. Bxc6 Qxc6 36. Nb4 1/2-1/2

[Event "Nassau Lindroth Memorial op"]
[Site "Nassau"]
[Date "2024.06.11"]
[Round "9"]
[White "Panjwani, Raja"]
[Black "Ivanov, Mike"]
[Result "1/2-1/2"]
[WhiteElo "2452"]
[BlackElo "2363"]
[PlyCount "62"]
[EventDate "2024.06.06"]
[EventType "swiss"]
[EventRounds "9"]
[EventCountry "BAH"]
[SourceTitle "CBM 220 Extra"]
[Source "ChessBase"]
[SourceDate "2024.07.31"]
[SourceVersion "1"]
[SourceVersionDate "2024.07.31"]
[SourceQuality "1"]

1. Nf3 Nc6 2. d4 d5 3. c4 Bg4 4. cxd5 Bxf3 5. gxf3 Qxd5 6. e3 e5 7. Nc3 Bb4 8. Bd2 Bxc3 9. bxc3 Qd6 10. Qb3 Nge7 11. Qxb7 Rb8 12. Qa6 0-0 13. Be2 Qf6 14. Rd1 Rfe8 15. Kf1 Qe6 16. h4 Rb2 17. Qc4 Qxc4 18. Bxc4 Na5 19. Bd3 Rxa2 20. dxe5 Nec6 21. c4 Nxe5 22. Bxa5 Nxd3 23. Rxd3 Rxa5 24. Kg2 Rc5 25. Ra1 Rxc4 26. Rxa7 Rc8 27. f4 Rc6 28. Kf3 Kf8 29. Ra5 Re6 30. Rc5 Ke7 31. e4 Rd6 1/2-1/2

[Event "Toronto Candidates Blitz op"]
[Site "Toronto"]
[Date "2024.04.08"]
[Round "4"]
[White "Golubka, Petr"]
[Black "Ivanov, Mike"]
[Result "1-0"]
[WhiteElo "2398"]
[BlackElo "2355"]
[PlyCount "52"]
[EventDate "2024.04.08"]
[EventType "swiss (blitz)"]
[EventRounds "9"]
[EventCountry "CAN"]
[SourceTitle "CBM 219 Extra"]
[Source "ChessBase"]
[SourceDate "2024.05.31"]
[SourceVersion "1"]
[SourceVersionDate "2024.05.31"]
[SourceQuality "1"]

1. e4 d5 2. exd5 Nf6 3. Bb5+ Nbd7 4. d4 g6 5. Nf3 Bg7 6. 0-0 0-0 7. c4 Nb6 8. Qb3 a6 9. Ba4 Nxa4 10. Qxa4 b5 11. cxb5 Nxd5 12. Re1 Bd7 13. Qb3 Bxb5 14. Nc3 Nxc3 15. bxc3 Rb8 16. Ba3 Re8 17. Ne5 e6 18. Qc2 Bxe5 19. Rxe5 Bc6 20. Qd2 Rb5 21. Bc5 Qf6 22. Qe3 Reb8 23. h3 Rb1+ 24. Rxb1 Rxb1+ 25. Kh2 Bd5 26. Rxd5 h5 1-0

[Event "Toronto Candidates Blitz op"]
[Site "Toronto"]
[Date "2024.04.08"]
[Round "9"]
[White "Ivanov, Mike"]
[Black "Bareev, Evgeny"]
[Result "1/2-1/2"]
[WhiteElo "2355"]
[BlackElo "2611"]
[PlyCount "64"]
[EventDate "2024.04.08"]
[EventType "swiss (blitz)"]
[EventRounds "9"]
[EventCountry "CAN"]
[SourceTitle "CBM 219 Extra"]
[Source "ChessBase"]
[SourceDate "2024.05.31"]
[SourceVersion "1"]
[SourceVersionDate "2024.05.31"]
[SourceQuality "1"]

1. Nf3 f5 2. d3 d6 3. e4 Nc6 4. exf5 Bxf5 5. d4 Nf6 6. Bd3 Qd7 7. 0-0 g6 8. c4 Bxd3 9. Qxd3 Qf5 10. Qxf5 gxf5 11. d5 Ne5 12. Nxe5 dxe5 13. Re1 Nd7 14. b3 Bg7 15. Bb2 Kf7 16. Nd2 Rhe8 17. Nf3 e4 18. Ng5+ Kg6 19. Bxg7 Kxg5 20. f3 e5 21. dxe6 Rxe6 22. fxe4 Rg8 23. Bc3 fxe4 24. Rad1 Nf6 25. Re3 Rge8 26. Rg3+ Kh6 27. Rf1 Nh5 28. Rh3 Kg6 29. Re3 Rd6 30. Rfe1 Rde6 31. Rf1 Rd6 32. Rfe1 Rde6 1/2-1/2

[Event "Canadian zt"]
[Site "Toronto"]
[Date "2024.04.02"]
[Round "10"]
[White "Rusonik, Max"]
[Black "Ivanov, Mike"]
[Result "0-1"]
[WhiteElo "2196"]
[BlackElo "2374"]
[PlyCount "50"]
[EventDate "2024.03.27"]
[EventType "team-swiss"]
[EventRounds "10"]
[EventCountry "CAN"]
[SourceTitle "CBM 219 Extra"]
[Source "ChessBase"]
[SourceDate "2024.05.31"]
[SourceVersion "1"]
[SourceVersionDate "2024.05.31"]
[SourceQuality "1"]

1. e4 e6 2. d4 d5 3. e5 Ne7 4. Nf3 c5 5. c3 Nec6 6. h4 Nd7 7. h5 f6 8. Qe2 cxd4 9. cxd4 fxe5 10. dxe5 Bb4+ 11. Bd2 0-0 12. g3 Qc7 13. Bh3 Ndxe5 14. Nxe5 Nd4 15. Qg4 Qxe5+ 16. Kf1 Bc5 17. Nc3 Nc2 18. Bf4 Qd4 19. Qe2 Nxa1 20. Kg2 Qxf2+ 21. Qxf2 Bxf2 22. Rxa1 Bd4 23. Re1 e5 24. Bxe5 Bxh3+ 25. Kxh3 Rfe8 0-1

[Event "Canadian zt"]
[Site "Toronto"]
[Date "2024.03.30"]
[Round "5"]
[White "Ivanov, Mike"]
[Black "Jodar Arias, Marlon"]
[Result "1/2-1/2"]
[WhiteElo "2374"]
[BlackElo "2209"]
[PlyCount "159"]
[EventDate "2024.03.27"]
[EventType "team-swiss"]
[EventRounds "10"]
[EventCountry "CAN"]
[SourceTitle "CBM 219 Extra"]
[Source "ChessBase"]
[SourceDate "2024.05.31"]
[SourceVersion "1"]
[SourceVersionDate "2024.05.31"]
[SourceQuality "1"]

1. Nf3 Nf6 2. g3 g6 3. Bg2 Bg7 4. d4 d5 5. 0-0 0-0 6. c4 c6 7. a4 Ne4 8. a5 dxc4 9. Qc2 Nd6 10. Nbd2 Na6 11. Nxc4 Bf5 12. Qa4 Nxc4 13. Qxc4 Be4 14. Rd1 Qd5 15. b3 c5 16. Ba3 Rfd8 17. Rac1 cxd4 18. Bxe7 Qxc4 19. bxc4 Rd7 20. Ba3 Re8 21. e3 d3 22. Nd2 Bxg2 23. Kxg2 Rc8 24. Nb3 Bf8 25. Bb2 Nc5 26. Nd4 Na4 27. Ba1 Ba3 28. Rb1 Rxc4 29. Rxd3 Bf8 30. Rdd1 Nc5 31. Nb5 Rxd1 32. Rxd1 a6 33. Nd6 Ra4 34. Bc3 f5 35. Rd5 Bxd6 36. Rxd6 Ne4 37. Rd8+ Kf7 38. Be1 Ra1 39. Kf1 Nc5 40. Rd5 Rc1 41. Ke2 Ke6 42. Rd8 Rc2+ 43. Kf3 Ne4 44. g4 Ng5+ 45. Kf4 Nh3+ 46. Kg3 fxg4 47. Kxg4 Nxf2+ 48. Kf3 Nh3 49. Rb8 Rb2 50. Kg4 Ng1 51. Bg3 Rb5 52. Bc7 h5+ 53. Kg3 Ne2+ 54. Kf3 Nc1 55. Rd8 Nb3 56. Rd6+ Kf7 57. Rd7+ Ke8 58. Rg7 Rf5+ 59. Ke2 Nxa5 60. Bxa5 Rxa5 61. Rxb7 Rg5 62. h3 Kf8 63. Rb6 a5 64. e4 Kf7 65. Kf3 h4 66. Ra6 Ke7 67. Kf4 Rb5 68. Rxg6 Rb3 69. Rh6 Rxh3 70. Rh5 Rb3 71. Rh6 h3 72. Kf5 Rf3+ 73. Ke5 Rd3 74. Rh7+ Kf8 75. Kf6 Rf3+ 76. Ke6 Kg8 77. Rh4 Kg7 78. e5 Kg6 79. Rh8 Kg5 80. Kd6 1/2-1/2

[Event "Canadian zt"]
[Site "Toronto"]
[Date "2024.03.28"]
[Round "2"]
[White "Ivanov, Mike"]
[Black "Marin, Sam"]
[Result "1-0"]
[WhiteElo "2374"]
[BlackElo "2036"]
[PlyCount "53"]
[EventDate "2024.03.27"]
[EventType "team-swiss"]
[EventRounds "10"]
[EventCountry "CAN"]
[SourceTitle "CBM 219 Extra"]
[Source "ChessBase"]
[SourceDate "2024.05.31"]
[SourceVersion "1"]
[SourceVersionDate "2024.05.31"]
[SourceQuality "1"]

1. Nf3 d5 2. g3 c5 3. Bg2 Nc6 4. d4 Nf6 5. 0-0 e6 6. c4 dxc4 7. Ne5 Nxe5 8. dxe5 Nd5 9. Na3 c3 10. bxc3 Nxc3 11. Qc2 Nd5 12. Rd1 Qc7 13. Nb5 Qc6 14. Nc3 Be7 15. Rxd5 exd5 16. Nxd5 Qd7 17. Bb2 0-0 18. Rd1 Qe6 19. Nc7 Qxa2 20. Ra1 Qxa1+ 21. Bxa1 Rb8 22. Nd5 Bd8 23. Be4 b5 24. Nf6+ gxf6 25. exf6 Rb6 26. Bxh7+ Kh8 27. Qxc5 1-0

[Event "Marianske Lazne IM-B2 22nd"]
[Site "Marianske Lazne"]
[Date "2024.01.19"]
[Round "8"]
[White "Wang, Yukun"]
[Black "Ivanov, Mike"]
[Result "1-0"]
[WhiteElo "2117"]
[BlackElo "2356"]
[PlyCount "95"]
[EventDate "2024.01.13"]
[EventType "tourn"]
[EventRounds "9"]
[EventCountry "CZE"]
[EventCategory "1"]
[SourceTitle "CBM 218 Extra"]
[Source "ChessBase"]
[SourceDate "2024.03.31"]
[SourceVersion "1"]
[SourceVersionDate "2024.03.31"]
[SourceQuality "1"]

1. e4 e6 2. d4 d5 3. Nc3 Nf6 4. Bg5 Be7 5. e5 Nfd7 6. Bxe7 Qxe7 7. Nb5 Nb6 8. c3 0-0 9. f4 Bd7 10. Nf3 Bxb5 11. Bxb5 c5 12. Bd3 f6 13. dxc5 N6d7 14. b4 Nc6 15. 0-0 fxe5 16. fxe5 g6 17. Qe2 a5 18. a3 Qg7 19. Bb5 Ncxe5 20. Nd4 Rfe8 21. Rae1 Rac8 22. Qd2 Qe7 23. Bxd7 Nc4 24. Bxe6+ Qxe6 25. Rxe6 Nxd2 26. Rxe8+ Rxe8 27. Rd1 Nc4 28. Nb5 Re5 29. Nd6 Nxd6 30. cxd6 Kf7 31. c4 Ke6 32. c5 axb4 33. axb4 Kd7 34. Rf1 d4 35. Rf7+ Kc8 36. Rc7+ Kb8 37. Rxh7 Rd5 38. Kf1 b6 39. Rc7 d3 40. Ke1 Rd4 41. Kd2 Rd5 42. h4 Rd4 43. g4 Rd5 44. g5 bxc5 45. bxc5 Rd4 46. h5 gxh5 47. g6 Re4 48. g7 1-0

[Event "Marianske Lazne IM-B2 22nd"]
[Site "Marianske Lazne"]
[Date "2024.01.15"]
[Round "3"]
[White "Plischki, Sebastian"]
[Black "Ivanov, Mike"]
[Result "0-1"]
[WhiteElo "2345"]
[BlackElo "2356"]
[PlyCount "92"]
[EventDate "2024.01.13"]
[EventType "tourn"]
[EventRounds "9"]
[EventCountry "CZE"]
[EventCategory "1"]
[SourceTitle "CBM 218 Extra"]
[Source "ChessBase"]
[SourceDate "2024.03.31"]
[SourceVersion "1"]
[SourceVersionDate "2024.03.31"]
[SourceQuality "1"]

1. d4 Nf6 2. c4 g6 3. g3 Bg7 4. Bg2 0-0 5. Nc3 d6 6. Nf3 Nbd7 7. 0-0 e5 8. e4 a6 9. Qc2 exd4 10. Nxd4 c5 11. Nf3 b5 12. Bf4 b4 13. Nd5 Nxd5 14. cxd5 Nb6 15. h3 Re8 16. Rfe1 a5 17. Rad1 Bb7 18. g4 Qf6 19. Bc1 Nd7 20. g5 Qe7 21. Bf4 a4 22. Qc1 Rac8 23. b3 Ba6 24. Bf1 Bxf1 25. Kxf1 axb3 26. axb3 Ra8 27. Kg2 Ra3 28. Qc4 Ne5 29. Bxe5 Bxe5 30. Re2 f6 31. gxf6 Qxf6 32. Rd3 Rf8 33. Qc1 Kg7 34. Qd2 h6 35. Nxe5 Qxe5 36. Rg3 Rf4 37. Qd3 h5 38. Ree3 Ra2 39. Rgf3 g5 40. Rxf4 gxf4 41. Re1 c4 42. bxc4 Ra3 43. Qd2 Qg5+ 44. Kh2 Qh4 45. Rg1+ Kh7 46. f3 Rxf3 0-1

[Event "Prague op 22nd"]
[Site "Prague"]
[Date "2024.01.10"]
[Round "7"]
[White "Stanojevic, Ilija"]
[Black "Ivanov, Mike"]
[Result "1/2-1/2"]
[WhiteElo "2206"]
[BlackElo "2356"]
[PlyCount "79"]
[EventDate "2024.01.05"]
[EventType "swiss"]
[EventRounds "9"]
[EventCountry "CZE"]
[SourceTitle "CBM 218 Extra"]
[Source "ChessBase"]
[SourceDate "2024.03.31"]
[SourceVersion "1"]
[SourceVersionDate "2024.03.31"]
[SourceQuality "1"]

1. d4 Nf6 2. c4 c5 3. d5 e6 4. Nc3 exd5 5. cxd5 d6 6. Nf3 g6 7. Nd2 Nbd7 8. e4 Bg7 9. Be2 0-0 10. 0-0 Re8 11. a4 h6 12. Ra3 Ne5 13. f4 Ned7 14. Bf3 a6 15. Rb3 c4 16. Nxc4 Qc7 17. Ne3 Nc5 18. Rb4 Nfd7 19. Kh1 Rb8 20. Re1 Qa5 21. Rc4 b5 22. b4 Qd8 23. axb5 axb5 24. Nxb5 Nxe4 25. Rxe4 Rxe4 26. Bxe4 Rxb5 27. Bd2 Nf6 28. Bd3 Rb8 29. Qf3 Qb6 30. f5 g5 31. Nc4 Qd4 32. Nxd6 Bd7 33. Ne4 Nxd5 34. f6 Bf8 35. Qg3 Bf5 36. Qxb8 Qxd3 37. Nd6 Bd7 38. Ne4 Bf5 39. Nd6 Bd7 40. Ne4 1/2-1/2

[Event "Prague op 22nd"]
[Site "Prague"]
[Date "2024.01.06"]
[Round "3"]
[White "Ivanov, Mike"]
[Black "Krivanek, Vladimir"]
[Result "1-0"]
[WhiteElo "2356"]
[BlackElo "2091"]
[PlyCount "117"]
[EventDate "2024.01.05"]
[EventType "swiss"]
[EventRounds "9"]
[EventCountry "CZE"]
[SourceTitle "CBM 218 Extra"]
[Source "ChessBase"]
[SourceDate "2024.03.31"]
[SourceVersion "1"]
[SourceVersionDate "2024.03.31"]
[SourceQuality "1"]

1. Nf3 c5 2. c4 g6 3. e4 a6 4. d4 cxd4 5. Nxd4 Bg7 6. Nc3 d6 7. Be3 Nf6 8. Be2 0-0 9. 0-0 Nc6 10. f3 Nd7 11. Rc1 Re8 12. Nd5 e6 13. Nc3 Nf8 14. Qd2 Nxd4 15. Bxd4 Bxd4+ 16. Qxd4 e5 17. Qd2 Ne6 18. Bd1 b5 19. Bb3 b4 20. Nd5 a5 21. Ba4 Rf8 22. Kh1 Bb7 23. Ne3 f5 24. exf5 gxf5 25. Rcd1 f4 26. Nd5 Nd4 27. Bc2 Bxd5 28. cxd5 Rc8 29. Be4 Rf7 30. Rc1 Kh8 31. Qf2 Rfc7 32. Rxc7 Rxc7 33. Qd2 Qh4 34. Rg1 Qf6 35. Rc1 Qd8 36. g3 fxg3 37. hxg3 Rxc1+ 38. Qxc1 Kg7 39. Kg2 h6 40. f4 Qe7 41. Qd1 Qf6 42. Qg4+ Kf8 43. Kh3 Ke7 44. Bd3 exf4 45. gxf4 h5 46. Qg3 Nf5 47. Bxf5 Qxf5+ 48. Kh4 Qf6+ 49. Qg5 Kf7 50. b3 Qa1 51. Qxh5+ Ke7 52. Qe2+ Kd8 53. Qe6 Qh1+ 54. Kg5 Qg1+ 55. Kf5 Qc5 56. Kg6 Qc2+ 57. Kg7 Qc5 58. Kf8 Kc7 59. Ke7 1-0

[Event "Prague op 22nd"]
[Site "Prague"]
[Date "2024.01.06"]
[Round "2"]
[White "Rybackova, Lucie"]
[Black "Ivanov, Mike"]
[Result "0-1"]
[WhiteElo "1970"]
[BlackElo "2356"]
[PlyCount "66"]
[EventDate "2024.01.05"]
[EventType "swiss"]
[EventRounds "9"]
[EventCountry "CZE"]
[SourceTitle "CBM 218 Extra"]
[Source "ChessBase"]
[SourceDate "2024.03.31"]
[SourceVersion "1"]
[SourceVersionDate "2024.03.31"]
[SourceQuality "1"]

1. d4 Nf6 2. Nf3 c5 3. g3 cxd4 4. Nxd4 d5 5. Nb3 e5 6. Bg2 Be6 7. Nc3 h6 8. 0-0 Nc6 9. f4 exf4 10. Bxf4 Qb6+ 11. Kh1 Rd8 12. Qe1 d4 13. Ne4 Nd5 14. Rd1 Be7 15. Qf2 Nxf4 16. gxf4 f5 17. Ng3 0-0 18. Rg1 Kh7 19. Bf3 g6 20. Qg2 Rg8 21. Qf2 Bf6 22. Nf1 Nb4 23. e3 dxe3 24. Nxe3 Bxb3 25. axb3 Bd4 26. Rxd4 Qxd4 27. c3 Nd3 28. Qe2 Nxf4 29. cxd4 Nxe2 30. Bxe2 Rge8 31. Bh5 gxh5 32. Nxf5 Rf8 33. Ng7 Rg8 0-1

[Event "Titled Tuesday intern op 19th Sep Early"]
[Site "Chess.com INT"]
[Date "2023.09.19"]
[Round "3"]
[White "Ferrufino, Boris"]
[Black "Ivanov, Mike"]
[Result "0-1"]
[WhiteElo "1868"]
[BlackElo "2335"]
[PlyCount "58"]
[EventDate "2023.09.19"]
[EventType "swiss (blitz)"]
[EventRounds "11"]
[EventCountry "USA"]
[SourceTitle "EXT 2024"]
[Source "ChessBase"]
[SourceDate "2023.10.10"]
[SourceVersion "1"]
[SourceVersionDate "2023.10.10"]
[SourceQuality "1"]

1. e4 e6 2. d4 d5 3. Nc3 Bb4 4. Nge2 Nc6 5. a3 Ba5 6. b4 Bb6 7. Bb2 Nge7 8. Qd2 0-0 9. 0-0-0 Bd7 10. f4 a5 11. b5 Na7 12. a4 c6 13. bxc6 Naxc6 14. Nb5 Nb4 15. Nec3 dxe4 16. Nxe4 Rc8 17. c4 Bxb5 18. axb5 Nf5 19. Kb1 Bc7 20. g4 Nd6 21. Ng3 f5 22. gxf5 Nxf5 23. Nxf5 exf5 24. c5 b6 25. c6 Qd6 26. Bc4+ Kh8 27. Rhg1 Qxf4 28. d5 Qe4+ 29. Ka1 Be5 0-1

[Event "Maia op 7th"]
[Site "Maia"]
[Date "2023.08.29"]
[Round "5"]
[White "Postny, Evgeny"]
[Black "Ivanov, Mike"]
[Result "1/2-1/2"]
[WhiteElo "2570"]
[BlackElo "2349"]
[PlyCount "120"]
[EventDate "2023.08.25"]
[EventType "swiss"]
[EventRounds "9"]
[EventCountry "POR"]
[SourceTitle "CBM 216 Extra"]
[Source "ChessBase"]
[SourceDate "2023.11.30"]
[SourceVersion "1"]
[SourceVersionDate "2023.11.30"]
[SourceQuality "1"]

1. d4 Nf6 2. Nf3 d6 3. c4 Bf5 4. Nc3 g6 5. d5 c5 6. Nd2 Bd7 7. e4 Bg7 8. Be2 0-0 9. 0-0 Na6 10. f4 Nc7 11. e5 Nfe8 12. Nf3 Rb8 13. a4 a6 14. a5 b5 15. axb6 Rxb6 16. Re1 e6 17. h3 Rb4 18. Bf1 Bc8 19. b3 Bb7 20. Ba3 a5 21. Rc1 Bh6 22. g3 Bg7 23. Bg2 Qa8 24. dxe6 Nxe6 25. Nd5 N8c7 26. Nxc7 Nxc7 27. Bxb4 axb4 28. exd6 Ne6 29. Rc2 Rd8 30. Rxe6 fxe6 31. Ne5 Bxg2 32. Rxg2 Bxe5 33. fxe5 Qe4 34. Qe2 Qd4+ 35. Kh2 Rf8 36. Qb2 Qe4 37. Rf2 Qe1 38. Rxf8+ Kxf8 39. h4 h5 40. Kg2 Qe4+ 41. Kf2 Qd3 42. Kg2 Qe4+ 43. Kh2 Qe3 44. Kh3 Qe1 45. Qg2 Qxe5 46. Qa8+ Kf7 47. Qb7+ Kf8 48. Qc8+ Kf7 49. Qd7+ Kf8 50. Qd8+ Kf7 51. Qe7+ Kg8 52. Qe8+ Kg7 53. Qd7+ Kf8 54. Qc8+ Kf7 55. Qb7+ Kf8 56. Qf3+ Ke8 57. Qa8+ Kf7 58. d7 Qf5+ 59. Kg2 Qc2+ 60. Kh3 Qf5+ 1/2-1/2